LEADER 01268nas 2200385 450 001 990003482490203316 005 20110207143710.0 011 $a0020-2347 035 $a000348249 035 $aUSA01000348249 035 $a(ALEPH)000348249USA01 035 $a000348249 100 $a20110112a----9999km-y-itay50------ba 101 0 $afre 102 $aFR 110 $aahazz--|||| 200 1 $aAnnales de l'Institut Henri Poincaré. Section B: Calculus des probabilités et statistiques$fInstitut Henri Poincaré 210 $aParis$cGauthier-Villars 215 $av.$cill.$d24 cm 300 $aComincia nel 1964 300 $aDescrizione basata su Vol.16, n.1(1980); 326 $aTrimestrale 606 0 $aProbabilità$xPeriodici$2BNCF 676 $a519.205 712 02$aInstitut Henri Poincaré 801 0$aIT$bsalbc$gISBD 912 $a990003482490203316 958 $aSCI$bPER III$c1980; 959 $aSE 979 $aCIANATIEMP$b90$c20110112$lUSA01$h1652 979 $aCIANATIEMP$b90$c20110112$lUSA01$h1657 979 $aCIANATIEMP$b90$c20110126$lUSA01$h1335 979 $aCIANATIEMP$b90$c20110207$lUSA01$h1437 996 $aAnnales de l'Institut Henri Poincaré. Section B: Calculus des probabilités et statistiques$91110626 997 $aUNISA